| 000 | 00822nam a2200205Ia 4500 | ||
|---|---|---|---|
| 003 | GCL | ||
| 008 | 140319s9999 xx 000 0 ara d | ||
| 040 |
_aGCL / _cGCL |
||
| 082 | 0 | 4 |
_a953.079 _bا ت |
| 100 | 1 | _aاحمد محمود الساداتى | |
| 245 | 1 | 0 |
_aتاريخ المسلمين فى شبة القارة الهندية وحضارتهم : _bج1 من الفتح العربى حتى قيام الدولة المغولية 89 هـ \707 م -932 هـ \1526 م / _cاحمد محمود الساداتى |
| 260 |
_aالقاهرة : _bمكتبة الاداب |
||
| 300 |
_a244 ص ؛ _c19 سم |
||
| 490 |
_aالالف كتاب _v158 |
||
| 650 | 0 | 4 | _aالاسلام - تاريخ |
| 650 | 0 | 4 | _aالهند |
| 650 | 0 | 4 | _aالدولة المغولية |
| 650 | 0 | 4 | _aالمسلمون فى الهند |
| 942 |
_2ddc _cBK |
||
| 999 |
_c54111 _d54111 |
||